| 000 | 00528nam 22001573 4500 | ||
|---|---|---|---|
| 001 | 32592 | ||
| 090 | _a32592 | ||
| 100 | _a20260317d u||y0pory50 ba | ||
| 101 | _aeng | ||
| 200 |
_aUser Requirements for Agrometeorological Services _eProceedings of An International Workshop 10-14 November 1997, Pune, Índia _fM.V.K. Sivakumar _gU.S. De, K.C. Sinha Ray, M. Rajeevan |
||
| 210 |
_aÍndia _cIndia Meteorological Department _d1998 |
||
| 215 |
_a336 p. _d24 cm |
||
| 317 | _5IM | ||
| 606 |
_xAgrometeorologia _923784 |
||
| 801 | _gISBD | ||
| 942 | _n0 | ||